Rozprávky

Bibliographic Details
Main Author: Kollár, Martin (Author)
Format: Book
Language:English
PhysicalDescription:63 s.
Published: Trnava Adolf Horovitz 1897

MARC

LEADER 00000nam a2200000 a 4500
001 vtls008296455
003 SK-MaSNL
005 20260301164430.0
008 240315 xo 000 0 eng
040 |a SNK  |b slo  |c SNK  |e AACR2 
044 |a xo  |c SK 
100 1 |a Kollár, Martin  |4 aut  |9 16763 
245 1 |a Rozprávky 
260 |a Trnava  |b Adolf Horovitz  |c 1897 
300 |a 63 s. 
999 |c 820596  |d 822526 
952 |a SNK  |b SNK  |y PREZ  |7 0  |p 17A0957030  |o snkSD 42849   |0 0  |1 0  |4 0  |d 2013-08-15  |l 0  |r 2026-02-24 03:05:00  |w 2026-02-24 
952 |a SNK  |b SNK  |y VYP  |7 0  |p 17A0483082  |o snkSD 42849 D1  |i snkK 1639/77  |3 Rekatalogizácia  |0 0  |1 0  |4 0  |d 2005-09-07  |l 0  |r 2026-02-24 03:05:00  |w 2026-02-24